Normal view
MARC view
- Concrete
Entry Topical Term
001 - CONTROL NUMBER
- control field: 564
003 - CONTROL NUMBER IDENTIFIER
- control field: NUST
005 - DATE AND TIME OF LATEST TRANSACTION
- control field: 20170511165925.0
008 - FIXED-LENGTH DATA ELEMENTS
- fixed length control field: 170511|| aca||aabn | a|a d
040 ## - CATALOGING SOURCE
- Original cataloging agency: NUST
- Transcribing agency: NUST
150 ## - HEADING--TOPICAL TERM
- Topical term or geographic name entry element: Concrete
- : SP 199
670 ## - SOURCE DATA FOUND
- Source citation: Work cat.: (NUST)853: Seventh CANMET/ACI International Conference on fly ash, silica fume, slag and natural pozzolans in concrete [vol-2] /, c2001.
